Lincoln and black freedom : a study in presidential leadership /

Bibliographic Details
Main Author: Cox, LaWanda C. Fenlason
Format: Book
Language:English
Published: Columbia, S.C. : University of South Carolina Press, 1981.
Edition:1st ed.
Subjects:

MARC

Tag First Indicator Second Indicator Subfields
LEADER 00000cam a22000008a 4500
001 in00000083907
005 20151008054335.0
008 810728s1981 scu b 00110 eng
010 |a  81003350  
020 |a 0872494004 
035 |a (OCoLC)07835202 
035 |9 AAJ0375AM 
040 |a DLC  |c DLC  |d TXA  |d UtOrBLW 
043 |a n-us--- 
049 |a TXAM  |c [387415] 
050 0 0 |a E457.2  |b .C84 
082 0 |a 973.7/092/4  |2 19 
100 1 |a Cox, LaWanda C. Fenlason. 
245 1 0 |a Lincoln and black freedom :  |b a study in presidential leadership /  |c by LaWanda Cox. 
250 |a 1st ed. 
263 |a 8109 
264 1 |a Columbia, S.C. :  |b University of South Carolina Press,  |c 1981. 
300 |a xiii, 254 pages ;  |c 24 cm. 
336 |a text  |b txt  |2 rdacontent 
337 |a unmediated  |b n  |2 rdamedia 
338 |a volume  |b nc  |2 rdacarrier 
500 |a Includes index. 
504 |a Bibliography: pages 228-245. 
600 1 0 |a Lincoln, Abraham,  |d 1809-1865  |x Relations with African Americans. 
650 0 |a African Americans  |x History  |y To 1863. 
650 0 |a African Americans  |x History  |y 1863-1877. 
999 |a MARS 
999 f f |s 8bb4daa3-ee49-3a92-953c-2efff0628378  |i c62765e9-f8be-3b61-8d33-64b2908d42cb  |t 0 
952 f f |p normal  |a Texas A&M University  |b College Station  |c Sterling C. Evans Library  |d Evans: Library Stacks  |t 0  |e E457.2 .C84  |h Library of Congress classification  |i unmediated -- volume  |m A14806107247 
998 f f |a E457.2 .C84  |t 0  |l Evans: Library Stacks